LEADER 02385nam 2200589 a 450 001 9910779497803321 005 20161219111325.0 010 $a1-4522-3309-8 010 $a1-4522-6706-5 035 $a(CKB)2550000000107880 035 $a(EBL)996842 035 $a(OCoLC)809773317 035 $a(SSID)ssj0000704568 035 $a(PQKBManifestationID)12268905 035 $a(PQKBTitleCode)TC0000704568 035 $a(PQKBWorkID)10704617 035 $a(PQKB)10041078 035 $a(MiAaPQ)EBC996842 035 $a(OCoLC)1007859447 035 $a(StDuBDS)EDZ0000063660 035 $a(EXLCZ)992550000000107880 100 $a20120319d2005 fy 0 101 0 $aeng 135 $aur||||||||||| 181 $ctxt 182 $cc 183 $acr 200 10$aBroadcast news producing$b[electronic resource] /$fBrad Schultz 210 $aThousand Oaks, Calif. ;$aLondon $cSAGE$dc2005 215 $a1 online resource (xii, 217 p.) $cill 300 $aDescription based upon print version of record. 311 $a1-322-41565-X 311 $a1-4129-0671-7 320 $aIncludes bibliographical references (p. 201-205) and index. 327 $aCover; Contents; Preface; Introduction; 1 - What Is a Producer?; 2 - Producing Today's News; 3 - The Producing Process; 4 - Writing; 5 - Producing for Television; 6 - Weather and Sports; 7 - Producing for Radio and the Internet; 8 - Surviving the Newsroom; 9 - Issues in Producing; 10 - The Job Market; References; About the Author 330 8 $aBrad Schultz follows the process of news production from the creation of story ideas to presentation on air, in television radio & on the Internet. He also discusses issues facing producers, such as newsroom leadership, resource management & newsroom relationships. 606 $aTelevision broadcasting of news 606 $aTelevision$xProduction and direction 606 $aRadio journalism 606 $aRadio$xProduction and direction 615 0$aTelevision broadcasting of news. 615 0$aTelevision$xProduction and direction. 615 0$aRadio journalism. 615 0$aRadio$xProduction and direction. 676 $a070.43 700 $aSchultz$b Brad$f1961-$01533508 801 0$bStDuBDS 801 1$bStDuBDS 906 $aBOOK 912 $a9910779497803321 996 $aBroadcast news producing$93780533 997 $aUNINA LEADER 03409nam 2200745 450 001 9910817329103321 005 20191216114505.0 010 $a1-5261-2608-7 010 $a1-5261-3222-2 010 $a1-5261-2607-9 035 $a(CKB)4100000005116408 035 $a(MiAaPQ)EBC5446736 035 $a(StDuBDS)EDZ0001928907 035 $a(Au-PeEL)EBL5446736 035 $a(CaPaEBR)ebr11591016 035 $a(OCoLC)1044958988 035 $a(MdBmJHUP)musev2_78469 035 $a(UkMaJRU)992979864225901631 035 $a(DE-B1597)658880 035 $a(DE-B1597)9781526126078 035 $a(EXLCZ)994100000005116408 100 $a20191216h20172018 uy| 0 101 0 $aeng 135 $aur||#---||||| 181 $ctxt$2rdacontent 182 $cc$2rdamedia 183 $acr$2rdacarrier 200 00$aByron and Italy /$fedited by Alan Rawes, Diego Saglia 210 1$aManchester, UK :$cManchester University Press,$d2017. 210 4$dİ2018 215 $a1 online resource (xvii, 246 pages) $cdigital file(s) 300 $aPreviously issued in print: 2018. 311 $a1-5261-4352-6 311 $a1-5261-0055-X 320 $aIncludes bibliographical references and index. 327 $aIntroduction / Alan Rawes and Diego Saglia -- 1. The literature of Italy in Byron's poems of 1817 / Nicholas Halmi -- 2. Byron's ethnographic eye: the poet among the Italians / Gioia Angeletti -- 3. From Lord Nelvil to Dugald Dalgetty: Byron's Scottish identity in Italy / Jonathan Gross -- 4. The garden of the world: Byron and the geography of Italy / Mauro Pala -- 5. 'Something I have seen or think it possible to see': Byron and Italian art in Ravenna / Jane Stabler -- 6. 'Something sensible to grasp at': Byron and Italian Catholicism / Bernard Beatty -- 7. The politics of the unities: tragedy and the Risorgimento in Byron and Manzoni / Arnold Anthony Schmidt -- 8. Parisina, Mazeppa and Anglo-Italian displacement / Peter W. Graham -- 9. This 'still exhaustless mine': De Stae?l, Goethe and Byron's Roman lyricism / Alan Rawes -- 10. Playing with history: Byron's Italian dramas / Mirka Horova? -- 11. 'Where shall I turn me?' Italy and irony in Beppo and Don Juan / Diego Saglia -- Index. 330 8 $aHow did Italy Italianise Byron? And how did Byron Byronise Italy? These are the key questions that the volume sets out to answer. 606 $aPoets, English$xHomes and haunts$zItaly 606 $aLiterature$2mup 606 $aLiterary Studies: Poetry & Poets$2bicssc 606 $aLITERARY CRITICISM / European / Italian$2bisach 606 $aLiterature: history & criticism$2thema 608 $aElectronic books. 610 $aAnglo-Italian identity. 610 $aByronic lyricism. 610 $aByronic satire. 610 $aByron?s dramas. 610 $aByron?s letters. 610 $aByron?s narrative art. 610 $ahistory. 610 $aplace. 610 $apolitics. 610 $areligion/Catholicism. 615 0$aPoets, English$xHomes and haunts 615 7$aLiterature 615 7$aLiterary Studies: Poetry & Poets 615 7$aLITERARY CRITICISM / European / Italian 615 7$aLiterature: history & criticism 676 $a821.7 702 $aRawes$b Alan$4edt 801 2$bUkMaJRU 906 $aBOOK 912 $a9910817329103321 996 $aByron and Italy$94045749 997 $aUNINA LEADER 04048nam 2200685 450 001 9910811871403321 005 20230428003321.0 010 $a1-61451-350-3 010 $a1-61451-821-1 010 $a1-61451-349-X 024 7 $a10.1515/9781614513490 035 $a(CKB)3280000000038912 035 $a(EBL)1345121 035 $a(SSID)ssj0001333752 035 $a(PQKBManifestationID)12603272 035 $a(PQKBTitleCode)TC0001333752 035 $a(PQKBWorkID)11386250 035 $a(PQKB)11184023 035 $a(MiAaPQ)EBC1345121 035 $a(DE-B1597)208429 035 $a(DE-B1597)9781614513490 035 $a(Au-PeEL)EBL1345121 035 $a(CaPaEBR)ebr11006188 035 $a(CaONFJC)MIL805161 035 $a(OCoLC)883915358 035 $a(EXLCZ)993280000000038912 100 $a20140206h20142014 uy| 0 101 0 $aeng 135 $aurnn#---|u||u 181 $ctxt 182 $cc 183 $acr 200 14$aThe scientification of religion $ean historical study of discursive change, 1800-2000 /$fKocku von Stuckrad 210 1$aBoston :$cDe Gruyter,$d[2014] 210 4$dİ2014 215 $a1 online resource (240 p.) 300 $aDescription based upon print version of record. 311 0 $a1-61451-678-2 311 0 $a1-61451-626-X 320 $aIncludes bibliographical references (pages 183-210) and index. 327 $tFront matter --$tPreface --$tContents --$t1. Religion and Science in Discursive Perspective --$tPart One: Discarded Knowledge and Its New Legitimacy in Secular Discourse --$t2. From Polemical Disjunction to New Integration: The Science of the Stars --$t3. Alchemical Quests in Modern Garb --$t4. Darwinism Turned into Religion: Monism --$t5. Merging Occultism, Philosophy, Science, and the Academic Study of Religion: The Theosophical Society --$tPart Two: Academics as Religious Pioneers --$t6. The Trouble with Europe: Academic Orientalism and New Mystical Religions --$t7. In Search of the Great Goddess: How Academic Theories Generated Paganism and Witchcraft --$t8. Normatizing Shamanism: Academic Teachers as Religious Experts --$tConclusion: The Scientification of Religion --$tBibliography --$tIndex 330 $aThe enigmatic relation between religion and science still presents a challenge to European societies and to ideas about what it means to be 'modern.' This book argues that European secularism, rather than pushing back religious truth claims, in fact has been religiously productive itself. The institutional establishment of new disciplines in the nineteenth century, such as religious studies, anthropology, psychology, classical studies, and the study of various religious traditions, led to a professionalization of knowledge about religion that in turn attributed new meanings to religion. This attribution of meaning resulted in the emergence of new religious identities and practices. In a dynamic that is closely linked to this discursive change, the natural sciences adopted religious and metaphysical claims and integrated them in their framework of meaning, resulting in a special form of scientific religiosity that has gained much influence in the twentieth century. Applying methods that come from historical discourse analysis, the book demonstrates that religious semantics have been reconfigured in the secular sciences. Ultimately, the scientification of religion perpetuated religious truth claims under conditions of secularism. 606 $aReligion and science 606 $aSecularism$zEurope 610 $aWestern esotericism. 610 $ahistorical discourse analysis. 610 $areligion and science. 610 $asecularism. 615 0$aReligion and science. 615 0$aSecularism 676 $a201/.6509 686 $aBE 2210$2rvk 700 $aStuckrad$b Kocku von$f1966-$0601355 801 0$bMiAaPQ 801 1$bMiAaPQ 801 2$bMiAaPQ 906 $aBOOK 912 $a9910811871403321 996 $aThe scientification of religion$94020939 997 $aUNINA